NBA and Euroleague champions - Statistics

General Stats
  • This quiz has been taken 431 times
  • The average score is 3 of 8
Answer Stats
Club and year Answer % Correct
Bologna (2001), Spurs (2003, 2005, 2007, 2014) Manu Ginobili
89%
Split (1989, 1990, 1991), Bulls (1996,1997,1998) Toni Kukoč
83%
Milano (1987, 1988), Lakers (1982, 1985) Bob McAdoo
33%
Olympiacos (2013), Lakers (2009, 2010) Josh Powell
22%
Split (1989, 1990, 1991), Rockets (1995) Žan Tabak
17%
Bologna (1998), Spurs (2005) Radoslav Nesterovic
13%
Roma (1984), Wizards (1878) Larry Wright
4%
Cantu (1983), Lakers (1982) Jim Brewer
3%
No matching quizzes found
Score Distribution
Percent of People with Each Score
Percentile by Number Answered
Your Score History
You have not taken this quiz